[Event "Kingston President's Inv"]
[Site "Kingston"]
[Date "2015.04.25"]
[Round "11"]
[White "Asher, Miguel"]
[Black "Lewis, Jared"]
[Result "0-1"]
[WhiteElo "1893"]
[BlackElo "1845"]
[PlyCount "64"]
[EventDate "2015.04.15"]
[EventType "tourn"]
[EventRounds "11"]
[EventCountry "JAM"]
[SourceTitle "CBM 166 Extra"]
[Source "ChessBase"]
[SourceDate "2015.06.18"]
[SourceVersion "1"]
[SourceVersionDate "2015.06.18"]
[SourceQuality "1"]

1. e4 e6 2. d4 d5 3. Nc3 dxe4 4. Nxe4 Bd7 5. Nf3 Bc6 6. Bd3 Nd7 7. Qe2 Ngf6 8. Bg5 Be7 9. Nxf6+ Bxf6 10. Be3 Qe7 11. c3 e5 12. dxe5 Nxe5 13. Nxe5 Bxe5 14. 0-0 a6 15. a4 0-0 16. f4 Bf6 17. Qf2 Rfe8 18. Bc5 Qe6 19. Qc2 g6 20. f5 Qd5 21. Bb4 a5 22. fxg6 hxg6 23. Bxg6 Kg7 24. Qf2 Qg5 25. Bxf7 Kxf7 26. Bc5 Re6 27. Bd4 Rg8 28. g3 Qd5 29. Qxf6+ Rxf6 30. Rxf6+ Ke7 31. Re1+ Kd7 32. Re2 Re8 0-1

[Event "Kingston President's Inv"]
[Site "Kingston"]
[Date "2015.04.25"]
[Round "10"]
[White "Lewis, Jared"]
[Black "Lindo, Terence"]
[Result "1-0"]
[WhiteElo "1845"]
[BlackElo "1635"]
[PlyCount "119"]
[EventDate "2015.04.15"]
[EventType "tourn"]
[EventRounds "11"]
[EventCountry "JAM"]
[SourceTitle "CBM 166 Extra"]
[Source "ChessBase"]
[SourceDate "2015.06.18"]
[SourceVersion "1"]
[SourceVersionDate "2015.06.18"]
[SourceQuality "1"]

1. e4 c5 2. Nc3 g6 3. f4 Bg7 4. Nf3 d6 5. Bc4 a6 6. 0-0 Nc6 7. a4 Nh6 8. d3 0-0 9. Be3 Ng4 10. Bd2 Bd7 11. Rb1 Nd4 12. Ne1 Nf6 13. Kh1 Bc6 14. Nf3 d5 15. exd5 Nxd5 16. Nxd5 Bxd5 17. Bxd5 Qxd5 18. Bc3 b5 19. Nxd4 cxd4 20. Bb4 Rfe8 21. a5 Rac8 22. Re1 e5 23. Qe2 Qc6 24. fxe5 Rxe5 25. Qd2 Qxc2 26. Rec1 Qxc1+ 27. Rxc1 Rce8 28. Qc2 Bh6 29. Rf1 Rf5 30. Rxf5 gxf5 31. Qf2 Re3 32. Qxf5 Re6 33. Qd5 Be3 34. g3 Kg7 35. Bc5 Kg6 36. Bxd4 Bxd4 37. Qxd4 h5 38. Kg2 Re2+ 39. Kh3 Re6 40. Qf4 Kg7 41. Kh4 Kf8 42. Kxh5 Ke7 43. Kg4 Rg6+ 44. Qg5+ Rxg5+ 45. Kxg5 Ke6 46. h4 Kd5 47. h5 Kd4 48. h6 Kxd3 49. h7 f6+ 50. Kxf6 Kc2 51. h8Q Kxb2 52. Ke6+ Ka3 53. Qc8 b4 54. Qxa6 b3 55. Qb6 Kb2 56. a6 Kc2 57. a7 b2 58. Qxb2+ Kxb2 59. a8Q Kc3 60. Qd5 1-0

[Event "Kingston President's Inv"]
[Site "Kingston"]
[Date "2015.04.19"]
[Round "6"]
[White "Lewis, Jared"]
[Black "Douglas, Markland"]
[Result "1/2-1/2"]
[WhiteElo "1845"]
[BlackElo "1871"]
[PlyCount "61"]
[EventDate "2015.04.15"]
[EventType "tourn"]
[EventRounds "11"]
[EventCountry "JAM"]
[SourceTitle "CBM 166 Extra"]
[Source "ChessBase"]
[SourceDate "2015.06.18"]
[SourceVersion "1"]
[SourceVersionDate "2015.06.18"]
[SourceQuality "1"]

1. Nf3 d5 2. c4 Nf6 3. d4 e6 4. Bf4 Be7 5. Nc3 c6 6. Qc2 0-0 7. e4 dxe4 8. Nxe4 Nxe4 9. Qxe4 Bb4+ 10. Bd2 Qa5 11. Bd3 Bxd2+ 12. Nxd2 g6 13. Qe3 Nd7 14. 0-0 e5 15. Nb3 exd4 16. Qxd4 Qe5 17. Rfe1 Qxd4 18. Nxd4 Nc5 19. Bc2 Ne6 20. Rad1 Rd8 21. Nf3 Rxd1 22. Rxd1 Kf8 23. Ne5 Ke7 24. g3 f6 25. Nf3 Bd7 26. b4 Rd8 27. Kf1 c5 28. a3 Bc6 29. Rxd8 Kxd8 30. Nd2 cxb4 31. axb4 1/2-1/2

[Event "Kingston President's Inv"]
[Site "Kingston"]
[Date "2015.04.15"]
[Round "1"]
[White "Lewis, Jared"]
[Black "Diedrick, Michael"]
[Result "0-1"]
[WhiteElo "1845"]
[BlackElo "1891"]
[PlyCount "82"]
[EventDate "2015.04.15"]
[EventType "tourn"]
[EventRounds "11"]
[EventCountry "JAM"]
[SourceTitle "CBM 166 Extra"]
[Source "ChessBase"]
[SourceDate "2015.06.18"]
[SourceVersion "1"]
[SourceVersionDate "2015.06.18"]
[SourceQuality "1"]

1. e4 c5 2. Nf3 d6 3. g3 Nc6 4. Bg2 Nf6 5. d3 e6 6. 0-0 Be7 7. Bf4 0-0 8. Nbd2 e5 9. Bg5 h6 10. Bxf6 Bxf6 11. Nc4 Be6 12. Nfd2 Rc8 13. a4 Na5 14. Ne3 Qd7 15. Qh5 Nc6 16. f4 exf4 17. gxf4 Bd4 18. Rae1 f5 19. c3 Bxe3+ 20. Rxe3 Kh7 21. Nf3 Kg8 22. Nh4 Ne7 23. Rg3 Kh8 24. exf5 Nxf5 25. Ng6+ Kg8 26. Rh3 Rf6 27. Nh4 Bf7 28. Qg4 Be6 29. Qh5 Nxh4 30. Rxh4 Rcf8 31. Re1 Bf5 32. Bd5+ Kh8 33. Re3 Qxa4 34. Qe2 Bh7 35. b3 Qa1+ 36. Kg2 Rg6+ 37. Kf3 Qh1+ 38. Kf2 Qxd5 39. Rg4 Rxg4 40. Qxg4 Bf5 41. Qe2 Qxb3 0-1